000 01156nam a22002537a 4500
005 20101206113148.0
008 101206t xxu||||| |||| 00| 0 hin d
010 _aHIN-91189
020 _c160.00
_a9788191049503
035 _aHN-63535
037 _bDBAD/PUB
040 _aDPL
_bHN
082 _a363.7
100 _aशर्मा, ओमप्रकाश
_924598
245 _aपर्यावरणः पारिस्थिकी /
_cओमप्रकाश शर्मा
246 _aParyavaran: Paristhitiki
_bby Om Prakash Sharma
260 _aबीकानेर
_bज्योति पब्लिकेशन्स
_c2010
270 _aनागरी भंडार, रेलवे स्टेशन मार्ग
_bबीकानेर
_e334001 (राज.)
_k0151- 2541508
300 _a136पृ.
_c22सेमी (सजिल्द)
650 _91169
700 _924599
942 _2ddc
_cHN
_mशर्माओ
_h363.7
999 _c48989
_d48989